| 000 | 00699nam a2200217 i 4500 | ||
|---|---|---|---|
| 001 | 9881 | ||
| 003 | ES-MaACL | ||
| 005 | 20240224063054.0 | ||
| 007 | t| | ||
| 008 | 940325s1994 sp |||| | spa d | ||
| 020 | _a84-604-8480-7 | ||
| 080 | _a328.185 | ||
| 100 | 1 |
_aArrillaga Aldama, Luis, _d1950- _923318 |
|
| 245 | 1 | 0 |
_aClientelismo, caciquismo, corporativismo _b: ensayo sobre algunas formas de particularismo social / _cLuis Arrillaga Aldama. |
| 246 | 3 | 4 | _aEspaña en sus rémoras |
| 260 |
_aPamplona : _bL. Arrillaga Aldama, _c1994. |
||
| 300 |
_a126 p. ; _c21 cm. |
||
| 650 | 4 |
_aCorrupción política- _zEspaña. _911380 |
|
| 852 |
_aES-MaACL _jL-6042 |
||
| 999 |
_c9881 _d9881 |
||